000 00608nam a2200181Ia 4500
001 54579
008 120323n ii |||gr||||Z||||||asm
082 _a320
100 _aChakravarty and Others.
245 0 _aHigher Secoundary Political Science For 2nd Year
_cAdya Nath Chakravarty, Kripesh Chandra Paul & Pratul Chandra Nayak
_hTextual Documents
250 _a1986-First Edn.
260 _aAssam
_bArun Prakashan
300 _a320pg:
_c25cm.
500 _aRajnaitek Tatta And Bharatar Sangbidhan
653 _aG-Political Science
653 _aRajnaitek Tatta And Bharatar Sangbidhan
942 _2ddc
_cBK
999 _c54534
_d54534